000
00250nam a2200097Ia 4500
001
687304
005
20250826161553.0
008
250824s9999 xx 000 0 und d
245
0
_a
BENİM BABAM ÖMÜR ADAM
_c
ÖMER AÇIK
260
_b
GÜNIŞIĞI YAYINLARI
999
_c
687304
_d
687304